Vista normal Vista MARC

Entrada Topical Term

Número de registros utilizados en: 1

001 - CONTROL NUMBER

  • control field: 8947

003 - CONTROL NUMBER IDENTIFIER

  • control field: OSt

005 - DATE AND TIME OF LATEST TRANSACTION

  • control field: 20200819173855.0

008 - FIXED-LENGTH DATA ELEMENTS

  • fixed length control field: 200819|| aca||aabn | a|a d

040 ## - CATALOGING SOURCE

  • Original cataloging agency: OSt
  • Transcribing agency: OSt

150 ## - HEADING--TOPICAL TERM

  • Topical term or geographic name entry element: Congreso

670 ## - SOURCE DATA FOUND

  • Source citation: Work cat.: (OSt)6010: Congreso Iberoamericana de Seguridad Social ( 5-8 : diciembre : 1995 ) Punta del Este 8946, XI Congreso Iberoamericano de Seguridad Social, 5-8 de diciembre 1995, Santiago de Chile /, 1995.